Statistics for Movies of 2010

Click here to take the quiz!

General Stats

  • This quiz has been taken 8 times
  • The average score is 2 of 35

Answer Stats

StarMovie% Correct
Robert Downey Jr.Iron Man 2
67%
Johnny DeppAlice in Wonderland
33%
Natalie PortmanBlack Swan
33%
Leonardo DiCaprioShutter Island
33%
Tom HanksToy Story 3
33%
Katie CassidyA Nightmare on Elm Street
0%
Gemma ArtertonClash of the Titans
0%
Steve CarellDespicable Me
0%
Zachary GordonDiary of a Wimpy Kid
0%
Adam SandlerGrown Ups
0%
Jack BlackGulliver's Travels
0%
Emma WatsonHarry Potter and the Deathly Hallows: Part 1
0%
Jay BaruchelHow to Train Your Dragon
0%
Leonardo DiCaprioInception
0%
Chloë Grace MoretzKick-Ass
0%
Ben StillerLittle Frockers
0%
Will FerrellMegamind
0%
Emma ThompsonNanny McPhee Returns
0%
Logan LermanPercy Jackson and the Lightning Thief
0%
Milla JovovichResident Evil: Afterlife
0%
Taron EgertonRobin Hood
0%
Betsy RussellSaw: The Final Chapter
0%
Sarah Jessica ParkerSex and the City 2
0%
Mike MyersShrek Forever After
0%
Mandy MooreTangled
0%
Mr. TThe A-Team
0%
Georgie HenleyThe Chronicles of Narnia: The Voyage of the Dawn Treader
0%
Jackie ChanThe Karate Kid
0%
Colin FirthThe King's Speech
0%
Bryan KonietzkoThe Last Airbender
0%
Nicolas CageThe Sorcerer's Apprentice
0%
Kristen StewartThe Twilight Saga: Eclipse
0%
Dwayne JohnsonTooth Fairy
0%
Jeff BridgesTRON: Legacy
0%
Dan AykroydYogi Bear
0%

Score Distribution

Percentile by Number Answered

Percent of People with Each Score

Your Score History

You have not taken this quiz